| 000 | 01122nam a2200301Ia 4500 | ||
|---|---|---|---|
| 001 | 10967 | ||
| 003 | IT-RoPAU | ||
| 008 | 130308s9999 xx 000 0 und d | ||
| 040 | _aIT-RoPAU | ||
| 040 | _cIT-RoPAU | ||
| 041 | _aFRANCESE | ||
| 100 | _aLavigne Chantal | ||
| 100 | _gCodice Aut. SPICS: 3202 | ||
| 245 | _aRhetorique moderne (La) | ||
| 245 | _bSavoir Ecrire Moderne (Le) | ||
| 250 | _a1a ed. | ||
| 260 | _aPARIS | ||
| 260 | _bRetz | ||
| 260 | _c1980 [1° Ed.:1980 - Ed.Ling.Originale:1980] | ||
| 300 | _a"38 p. (prefazione: no ; testo: 38 [pagine: 485-522])" | ||
| 500 | _aRetorica moderna Come scegliere una Parola Ripetizioni da Evitare Come Rinnovare I Significati di una Parola Metafora Sineddoche Metonimia Frase scegliere Il Processo di Comunicazione Come Rendere Accessibile una nozione Astratta Come Rendere le Fluttuazioni del pensiero profilo della Frase Frase Corta senza Verbo Volume delle Frasi Frase Perentetica Gioco delle Sonorita' | ||
| 650 | _aSAGGI DI LINGUISTICA | ||
| 650 | _eCodice materia Spics: 3207 | ||
| 942 | _cBK | ||
| 957 | _71 | ||
| 999 |
_c40267 _d40267 |
||
| 999 | _bSI | ||
| 999 | _g1 | ||